000 00857nam a2200265Ia 4500
003 OSt
005 20220930074952.0
006 a|||||r|||| 00| 0
007 ta
008 220926b |||||||| |||| 00| 0 eng d
024 _a76566
037 _cTheses
040 _aCRL
_cCRL
_beng
041 _2eng
_aeng
100 _aRoy Dulal Chandra
_9535191
110 _aUniversity of Delhi. Faculty of Mathematical Sciences. Department of Statistics
_9519382
245 0 _aSome contributions to sample survey theory and its applications
260 _c1999
300 _a123p.
_ap.
_ccm.
650 _aPROBABILITIES
700 _a Prof M C Agrawal Gu.
_9535192
700 _aUniversity of Delhi. Faculty of Mathematical Sciences. Department of Statistics
_9519387
942 _cDIS
_2CC
999 _c867386
_d867386